Widok standardowy
Widok MARC
Pozycja Personal Name
Liczba rekordów, w których użyto hasła: 1
001 - Numer kontrolny
- control field: 39053
003 - Identyfikator numeru kontrolnego
- control field: NUKAT
005 - Data i czas ostatniej modyfikacji
- control field: 20260327120839.0
008 - Dane kontrolne kodowane (40 znaków)
- fixed length control field: 260327n||a|nnnabbn |a aaa |c
010 ## - Numer kontrolny Biblioteki Kongresu
- numer kontrolny LC: n 2026058600
040 ## - Instytucja sporządzająca rekord
- inst. przygot. dane do rek. khw: OLSZT 008/bak
- inst. wprow. rek. khw: OLSZT 008/bak
100 1# - Hasło - nazwa osobowa
- nazwa osobowa w formie ujednoliconej: Kowalski, Ryszard
- daty biograficzne: (1948- ).
- tytuł pracy: Ostróda, Iława, Elbląg
- język pracy: (niem.)
400 1# - Trop zob. - nazwa osobowa
- nazwa osobowa (nazwisko, imiona): Kowalski, Ryszard
- daty biograficzne: (1948- )
- tytuł pracy: Osterode, Deutsch Eylau, Elbing : aus der Geschichte der Binnenschifffahrt
670 ## - Źródło informacji
- źródło informacji: Ostróda, Iława, Elbląg : z dziejów żeglugi śródlądowej = Osterode, Deutsch Eylau, Elbing : aus der Geschichte der Binnenschifffahrt / Ryszard Kowalski. - Olsztyn, 2016.
- gdzie znaleziono informację: Dz. współwyd.